Veloce Digitando dalla A alla Z - Statistics

Statistiche generali
  • Questo quiz è stato fatto 1.955 volte
  • Il punteggio medio è 22 su 26
Statistiche sulle risposte
lettera % Corretto
A
99%
B
95%
E
95%
C
94%
D
94%
F
91%
G
91%
H
90%
I
90%
L
88%
O
87%
M
86%
P
85%
Q
85%
N
84%
R
84%
S
81%
T
81%
U
79%
J
78%
K
78%
V
74%
W
73%
Z
68%
Y
66%
X
61%
Nessun quiz corrispondente trovato
Distribuzione punteggi
Percentuale di utenti per punteggio
Percentile per numero di risposta
I tuoi punteggi nel tempo
Non hai fatto questo quiz